00955nam a22002897a 450000500170000000800410001701000100005801100100006803500100007808200140008810000300010224500690013226000270020130000200022859000410024859000410028959000410033059000410037159000420041265000350045465000350048970000320052470000320055690100070058894900530059599900170064820220329141122.0971010s1987 r 00010 d a62897 a63869 a68417 a631.2bB200aBarre, Henry John.910352 aEnviromental and funtional engineering of agricultural buildings aNew York :bAVI,c1987 a347 p.b: ilus. aBATCH-UPDb10c20130110lUCH01h0107 aBATCH-UPDb10c20130110lUCH01h1500 aBATCH-UPDb10c20130410lUCH01h0922 aBATCH-UPDb10c20130914lUCH01h1037 aCONVERSIONb10c20130109lUCH01h133414aConstrucciones rurales.92737814aIngeniería ambiental.9582070 aNelson, Gordon Leon.9807770 aSammet, Loy Luther.9101914 aBK a631.2 B2bMAcLIBROd-537eLIBROh1262i68417si c62897d62897